00328 2200145 4500001002100000005001500021035002000036245004100056100002000097300001200117260001900129082000800148084001400156990001200170INLIS00000000000229020250528080714 a0010-05250005821 aSains Bukan Sihir /cClaudia Dreifus0 aClaudia Dreifus a360 hlm bJendela,c2004 a500 a500 CLA s a0712598